| 000 | 00559cam a2200193 4500 | ||
|---|---|---|---|
| 001 | D6235 | ||
| 008 | 1964 | ||
| 035 | _a(Sirsi) u92512 | ||
| 041 | _aeng | ||
| 050 | _a692.3 | ||
| 110 |
_aJoint Standing Committee of ArchitectsSurveyors and Buildi _92882 |
||
| 245 | _aMemorandum on the standard method of measurement of building works | ||
| 260 |
_aEdinburgh _bJoint Standing Committee of Architects, |
||
| 300 | _a27p. 28cm | ||
| 350 | _a0 | ||
| 520 | _aFiled at SMM 1964/1BCDE | ||
| 942 | _n0 | ||
| 948 | _c04/03/1997 | ||
| 999 |
_c97752 _d97752 |
||